[Event "Sitges Sunway 7th"]
[Site "Sitges"]
[Date "2020.12.13"]
[Round "1"]
[White "Dardha, Daniel"]
[Black "Sanchez Lopez, Juan Manuel"]
[Result "1-0"]
[WhiteElo "2485"]
[BlackElo "2085"]
[PlyCount "41"]
[EventDate "2020.12.13"]
[EventType "swiss"]
[EventRounds "10"]
[EventCountry "ESP"]
[SourceTitle "CBM 199 Extra"]
[Source "ChessBase"]
[SourceDate "2021.01.31"]
[SourceVersion "1"]
[SourceVersionDate "2021.01.31"]
[SourceQuality "1"]

1. Nf3 Nf6 2. c4 c5 3. Nc3 e6 4. g3 b6 5. Bg2 Bb7 6. 0-0 Be7 7. Re1 0-0 8. e4 d5 9. exd5 exd5 10. Nh4 Qd7 11. cxd5 Nxd5 12. Qf3 Bxh4 13. gxh4 Na6 14. Nxd5 Rae8 15. Rd1 Ba8 16. Qh5 f6 17. d4 g6 18. Qf3 Kg7 19. dxc5 Rd8 20. Bf4 Qf5 21. Bd6 1-0

[Event "Barcelona Sant Marti op 21st"]
[Site "Barcelona"]
[Date "2019.07.15"]
[Round "3"]
[White "Sanchez Lopez, Juan Manuel"]
[Black "Cuartas, Jaime Alexander"]
[Result "0-1"]
[WhiteElo "2068"]
[BlackElo "2542"]
[PlyCount "92"]
[EventDate "2019.07.13"]
[EventType "swiss"]
[EventRounds "9"]
[EventCountry "ESP"]
[SourceTitle "EXT 2020"]
[Source "ChessBase"]
[SourceDate "2019.10.17"]
[SourceVersion "1"]
[SourceVersionDate "2019.10.17"]
[SourceQuality "1"]

1. c4 c5 2. Nc3 Nc6 3. g3 g6 4. Bg2 Bg7 5. e3 e5 6. Nge2 Nge7 7. d4 cxd4 8. exd4 Nxd4 9. Nxd4 exd4 10. Nb5 0-0 11. 0-0 Nf5 12. Bf4 d6 13. g4 a6 14. gxf5 axb5 15. cxb5 Bxf5 16. a4 d5 17. Qd2 Be4 18. f3 Bf5 19. a5 d3 20. b6 Qf6 21. b4 Rfe8 22. Rae1 Qd4+ 23. Kh1 Re2 24. Rxe2 dxe2 25. Re1 Bd3 26. Be3 Qc4 27. Rc1 Qb3 28. Kg1 Bb2 29. Re1 Bc4 30. Rb1 Bc3 31. Rxb3 Bxd2 32. Bxd2 Bxb3 33. Kf2 Bc4 34. f4 Re8 35. Bf3 Kg7 36. Bc3+ f6 37. f5 gxf5 38. Bh5 Re7 39. Bd2 d4 40. Bf3 Ba6 41. b5 Bxb5 42. Bb4 Rd7 43. Bxe2 d3 44. Bd1 d2 45. Ke3 Rd3+ 46. Kf2 Kf7 0-1

[Event "Barcelona Sant Marti op 21st"]
[Site "Barcelona"]
[Date "2019.07.14"]
[Round "2"]
[White "Shevtsova, Stefania"]
[Black "Sanchez Lopez, Juan Manuel"]
[Result "0-1"]
[WhiteElo "1506"]
[BlackElo "2068"]
[PlyCount "72"]
[EventDate "2019.07.13"]
[EventType "swiss"]
[EventRounds "9"]
[EventCountry "ESP"]
[SourceTitle "EXT 2020"]
[Source "ChessBase"]
[SourceDate "2019.10.17"]
[SourceVersion "1"]
[SourceVersionDate "2019.10.17"]
[SourceQuality "1"]

1. e4 c5 2. c3 e6 3. Nf3 b6 4. d4 Bb7 5. Bd3 cxd4 6. cxd4 Nf6 7. Qe2 Nc6 8. a3 Rc8 9. Nc3 Na5 10. Bg5 Be7 11. Bd2 Nb3 12. Rd1 Nxd2 13. Rxd2 Bxa3 14. Rc2 Bb4 15. 0-0 Bxc3 16. Rxc3 Rxc3 17. bxc3 0-0 18. Ra1 a5 19. e5 Bxf3 20. Qxf3 Nd5 21. Be4 Ne7 22. Qd3 g6 23. Qb5 d5 24. Bd3 Qc7 25. Ra3 Rb8 26. Kf1 Nc6 27. Ke2 Na7 28. Qa4 Qc6 29. Qb3 Qc7 30. Qa4 Kf8 31. g3 Kg7 32. Kd2 f6 33. exf6+ Kxf6 34. f4 Nc8 35. Ra1 Nd6 36. Kd1 Qxc3 0-1

[Event "Barcelona Ponce Memorial 3rd"]
[Site "Barcelona"]
[Date "2018.04.07"]
[Round "1"]
[White "Fernandez Benito, Carlos Pablo"]
[Black "Sanchez Lopez, Juan Manuel"]
[Result "0-1"]
[WhiteElo "1600"]
[BlackElo "2054"]
[PlyCount "64"]
[EventDate "2018.04.07"]
[EventType "swiss"]
[EventRounds "9"]
[EventCountry "ESP"]
[SourceTitle "CBM 184 Extra"]
[Source "ChessBase"]
[SourceDate "2018.06.28"]
[SourceVersion "1"]
[SourceVersionDate "2018.06.28"]
[SourceQuality "1"]

1. d4 Nf6 2. Nf3 c5 3. e3 e6 4. Nbd2 Be7 5. b3 cxd4 6. exd4 0-0 7. Bd3 Nc6 8. a3 Nd5 9. Bb2 Nf4 10. 0-0 Nxd3 11. cxd3 b6 12. Re1 Ba6 13. Nc4 Bf6 14. Rc1 Ne7 15. Nce5 Nd5 16. Re4 d6 17. Ng4 Bg5 18. Nxg5 Qxg5 19. Ne3 Nf6 20. h4 Qg6 21. Rf4 Rac8 22. Nc4 Rfd8 23. Rf3 Nh5 24. Qf1 Bb7 25. Re3 b5 26. Nd2 Rxc1 27. Bxc1 Rc8 28. Ne4 Bd5 29. b4 f5 30. Rg3 Nxg3 31. Nxg3 Qg4 32. Be3 f4 0-1